000 01244cam a2200337 i 4500
001 8187
003 Mx-PuUPA
005 20250825103450.0
008 140415s2008 sp gr 000 0 spa d
017 _aNA. 1.168-2008
020 _a9788481698022
040 _aMx-PuUPA
_bspa
_cMx-PuUPA
_dMx-PuUPA
_erda
041 1 _aspa
_heng
100 1 _aEdwards, Denis,
_d1943-
_eautor
_917373
240 1 0 _aBreath of life. A theology of the creator spirit.
_lEspañol
245 1 0 _aAliento de vida :
_buna teología del Espíritu creador /
_cDenis Edwards ; traducido del inglés por Anna Maria Oller Adam
264 1 _aNavarra, España :
_bEditorial Verbo Divino,
_c2008
300 _a319 páginas ;
_c22 cm
336 _2rdacontent
_atexto
_btxt
337 _2rdamedia
_asin medio
_bn
338 _2rdacarrier
_avolumen
_bnc
490 0 _aColección Teología y ciencia
600 0 4 _aEspíritu Santo
_xHistoria de las doctrinas
650 7 _2armarc
_aCreación
_xHistoria de las doctrinas
700 1 _aOller Adam, Anna Maria,
_etraductor
765 0 _aEdwards, Denis,
_tBreath of life. A theology of the Creator Spirit.
942 _2ddc
_cLI
_h231.3
_iE2518
999 _c8187
_d8187